| 000 | 00387nam a2200133Ia 4500 | ||
|---|---|---|---|
| 005 | 20260328104256.0 | ||
| 008 | 260328s9999||||xx |||||||||||||| ||und|| | ||
| 100 | _aGutiérrez, Ramón | ||
| 245 | 0 |
_aUn Paisaje palladiano : _b Obras de Andrea Palladio en Veneto / _cRamón Gutiérrez |
|
| 260 | _bcentro Internazionale di Studi | ||
| 300 | _a119 p. | ||
| 650 | _aPAISAJISMO | ||
| 942 | _cBK | ||
| 999 |
_c10422 _d10422 |
||